书目信息 |
| 题名: |
裸语
|
|
| 作者: | 薛卫民 著 ;王罡 插图 | |
| 分册: | ||
| 出版信息: | 北京 中国电影出版社 2003 |
|
| 页数: | 303页 | |
| 开本: | 20cm | |
| 丛书名: | ||
| 单 册: | ||
| 中图分类: | H136 | |
| 科图分类: | ||
| 主题词: | 汉语--词汇 | |
| 电子资源: | ||
| ISBN: | 7-106-01327-7 | |
| 000 | 00952nam0 22002777 450 | |
| 001 | 192004003891 | |
| 005 | 20070911092353.60 | |
| 010 | @a7-106-01327-7@dCNY19.80 | |
| 100 | @a20070602d2003 ekmy0chiy0121 ea | |
| 101 | 0 | @achi |
| 102 | @aCN@b110000 | |
| 105 | @aa z 000yy | |
| 200 | 1 | @a裸语@Aluo yu@d= Naked language@e一部违反常理的人生词典@f薛卫民著@g王罡插图@zeng |
| 210 | @a北京@c中国电影出版社@d2003 | |
| 215 | @a303页@c图@d20cm | |
| 300 | @a并列题名:Naked language | |
| 300 | @a其他题名:一部违反常理的人生词典 | |
| 330 | @a本书是一部违反常理的人生词典,146幅精美插画,402条违反常理的“魔鬼”解答,诙谐幽默的语言风格,真实表达人们内心的感受。 | |
| 510 | 1 | @aNaked language@zeng |
| 517 | 1 | @a一部违反常理的人生词典@Ayi bu wei fan chang li de ren sheng ci dian |
| 606 | 0 | @a汉语@x词汇 |
| 690 | @aH136@v4 | |
| 701 | 0 | @a薛卫民@Axue wei min@4著 |
| 702 | 0 | @a王罡@Awang gang@4插图 |
| 801 | 0 | @aCN@c20070911 |
| 905 | @dH136@eX967 | |
| 裸语= Naked language:一部违反常理的人生词典/薛卫民著/王罡插图.-北京:中国电影出版社,2003 |
| 303页:图;20cm |
| 并列题名:Naked language.-其他题名:一部违反常理的人生词典 |
| ISBN 7-106-01327-7:CNY19.80 |
| 本书是一部违反常理的人生词典,146幅精美插画,402条违反常理的“魔鬼”解答,诙谐幽默的语言风格,真实表达人们内心的感受。 |
| ● |
| 相关链接 |
|
|
|
正题名:裸语
索取号:H136/X967
 
预约/预借
| 序号 | 登录号 | 条形码 | 馆藏地/架位号 | 状态 | 备注 |
| 1 | 617925 | 206179259 | 语言库209/209语言库 71排3列5层/ [索取号:H136/X967] | 在馆 | |
| 2 | 617926 | 206179268 | 语言库209/209语言库 71排3列5层/ [索取号:H136/X967] | 在馆 | |
| 3 | 617927 | 206179277 | 语言库209/209语言库 71排3列5层/ [索取号:H136/X967] | 在馆 |